BIBLIOTECA PODER JUDICIAL
Portal Judicial TDF

Derecho procesal civil : (Registro nro. 1588)

000 -LEADER
fixed length control field 00861nam a22002657a 4500
003 - CONTROL NUMBER IDENTIFIER
control field OSt
005 - DATE AND TIME OF LATEST TRANSACTION
control field 20180928083122.0
008 - FIXED-LENGTH DATA ELEMENTS--GENERAL INFORMATION
fixed length control field 180220b xxu||||| |||| 00| 0 spa d
020 ## - INTERNATIONAL STANDARD BOOK NUMBER
International Standard Book Number 9505083300
040 ## - CATALOGING SOURCE
Transcribing agency PJ
100 ## - ASIENTO PRINCIPAL - NOMBRE DE PERSONA
9 (RLIN) 2035
Personal name Salgado, Alí Joaquín
245 10 - MENCIÓN DE TÍTULO
Título propiamente dicho Derecho procesal civil :
Parte restante del título métodos de casos /
Mención de responsabilidad, etc Alí Joaquín Salgado; colaborador Alejandro C. Verdaguer.
260 ## - PUBLICATION, DISTRIBUTION, ETC. (IMPRINT)
Place of publication, distribution, etc Buenos Aires :
Date of publication, distribution, etc Astrea,
Name of publisher, distributor, etc 1993.
300 ## - DESCRIPCION FISICA
Extent xxvi, 299 p.
Dimensions 20 cm.
504 ## - NOTA DE BIBLIOGRAFÍA, ETC.
Bibliography, etc Bibliografía: p. 297-299.
650 #0 - ASIENTO SECUNDARIO DE MATERIA - TERMINO TEMATICO
9 (RLIN) 1148
Topical term or geographic name as entry element DERECHO PROCESAL CIVIL
650 #0 - ASIENTO SECUNDARIO DE MATERIA - TERMINO TEMATICO
9 (RLIN) 1953
Topical term or geographic name as entry element PROCEDIMIENTO CIVIL
650 #0 - ASIENTO SECUNDARIO DE MATERIA - TERMINO TEMATICO
9 (RLIN) 2404
Topical term or geographic name as entry element DEMANDA
650 #0 - ASIENTO SECUNDARIO DE MATERIA - TERMINO TEMATICO
9 (RLIN) 1955
Topical term or geographic name as entry element RECURSOS
650 #0 - ASIENTO SECUNDARIO DE MATERIA - TERMINO TEMATICO
9 (RLIN) 2150
Topical term or geographic name as entry element ACTOS Y DILIGENCIAS PROCESALES
650 #0 - ASIENTO SECUNDARIO DE MATERIA - TERMINO TEMATICO
9 (RLIN) 1975
Topical term or geographic name as entry element PRUEBA
650 #0 - ASIENTO SECUNDARIO DE MATERIA - TERMINO TEMATICO
9 (RLIN) 1935
Topical term or geographic name as entry element CADUCIDAD DE INSTANCIA
650 #0 - ASIENTO SECUNDARIO DE MATERIA - TERMINO TEMATICO
9 (RLIN) 2021
Topical term or geographic name as entry element JUICIO EJECUTIVO
942 ## - ADDED ENTRY ELEMENTS (KOHA)
Source of classification or shelving scheme
Koha item type Libros
Classification part 347.91./.95
Item part SAL
Existencias
Withdrawn status Lost status Source of classification or shelving scheme Damaged status Not for loan Permanent Location Current Location Date acquired Full call number Barcode Date last seen Price effective from Koha item type
          Biblioteca Poder Judicial Sur Biblioteca Poder Judicial Sur 2018-09-28 347.91/.95 SAL 0338 2018-09-28 2018-09-28 Libros

12 de Octubre 789 Ushuaia - Tel:  54(02901)441571
Horario de Atención: 8.00 a 17.00 hs. 
bibliotecaush@justierradelfuego.gov.ar
koha@justierradelfuego.gov.ar
Seguinos en nuestras redes @bibliojustdf 

Con tecnología Koha